| 000 | 03104ngm a2200697Ia 4500 | ||
|---|---|---|---|
| 001 | ocn500918450 | ||
| 003 | OCoLC | ||
| 005 | 20200320184824.0 | ||
| 007 | vd cvaizq | ||
| 008 | 100119s2010 xx 102 vleng d | ||
| 020 | _a0788612077 | ||
| 020 | _a9780788612077 | ||
| 020 | _c15.99 | ||
| 024 | 1 | _a030306970899 | |
| 028 | 4 | 2 |
_aIFC9708 _bIFC Films |
| 035 | _a(OCoLC)500918450 | ||
| 040 |
_aORX _cORX _dTEF _dVP@ _dWACOL |
||
| 041 | 1 |
_aeng _jeng _jspa _heng |
|
| 043 | _ae-uk-en | ||
| 049 | _aWACL | ||
| 050 | 4 |
_aPN1997.2 _b.E83 2010 |
|
| 082 | 0 | 4 |
_a791.4372 _222 |
| 092 |
_aDVD _bEsc |
||
| 245 | 0 | 4 |
_aThe escapist _h[videorecording] / _cUK Film Council with the participation of Bord Scannán na Héireann/Irish Film Board presents ; a Parallel Films and Picture Farm production. |
| 250 | _aWidescreen version. | ||
| 260 |
_a[S.l.] : _bIFC Films : _bMPI Media Group, _c[2010] |
||
| 300 |
_a1 videodisc (102 min.) : _bsd., col. ; _c4 3/4 in. |
||
| 538 | _aDVD, region 1, NTSC, Dolby digital 5.1, anamorphic widescreen 1.85:1. | ||
| 546 | _aIn English with optional subtitles in English and Spanish. | ||
| 511 | 1 | _aDamian Lewis, Steven Mackintosh, Dominic Cooper, Seu Jorge, Liam Cunningham, Joseph Fiennes, Brian Cox. | |
| 508 | _aDirected by Rupert Wyatt ; produced by Adrian Sturges and Alan Moloney ; written by Rupert Wyatt and Daniel Hardy ; director of photography, Philipp Blaubach ; music by Benjamin Wallfisch ; costume designer, Maeve Paterson. | ||
| 500 | _aOriginally released as a motion picture in 2007. | ||
| 521 | 8 | _aNot rated. | |
| 520 | _aFrank Perry is a tough lifer determined to bust out of a London penitentiary to see his terminally ill daughter before she dies. But first he'll have to assemble a hardcore crew, battle the brutal prison kingpin, and pull off one of the most daring and suspenseful escapes in movie history. | ||
| 500 | _aSpecial features: deleted scenes; making of the film; trailer. | ||
| 650 | 0 |
_aPrisons _zEngland _zLondon _vDrama. _95862025 |
|
| 650 | 7 |
_aPrisiones _zInglaterra _zLondres _vTeatro. _2bidex _95862026 |
|
| 655 | 0 |
_aPrison films. _95755490 |
|
| 655 | 0 |
_aFiction films. _95674705 |
|
| 655 | 0 |
_aFeature films. _95862027 |
|
| 700 | 1 |
_aWyatt, Rupert, _d1972- _95862028 |
|
| 700 | 1 |
_aSturges, Adrian, _d1976- _95862029 |
|
| 700 | 1 |
_aMoloney, Alan. _95862030 |
|
| 700 | 1 |
_aCox, Brian, _d1946- _924322 |
|
| 700 | 1 |
_aFiennes, Joseph, _d1970- _966241 |
|
| 700 | 1 |
_aLewis, Damian, _d1971- _968961 |
|
| 700 | 1 |
_aMackintosh, Steven. _961181 |
|
| 700 | 1 |
_aCooper, Dominic, _d1978- _95815491 |
|
| 700 | 0 |
_aSeu Jorge, _d1970- _95862031 |
|
| 700 | 1 |
_aCunningham, Liam. _976480 |
|
| 710 | 2 |
_aUK Film Council. _970113 |
|
| 710 | 2 |
_aBord Scannán na hÉireann. _965916 |
|
| 710 | 2 |
_aParallel Film Productions. _95741682 |
|
| 710 | 2 |
_aPicture Farm (Firm) _95862032 |
|
| 710 | 2 |
_aIFC Films. _968352 |
|
| 710 | 2 |
_aMPI Media Group. _958821 |
|
| 942 |
_cDVD _050 |
||
| 948 |
_a01/29/2011 _zSirsi |
||
| 994 |
_a02 _bWACOL |
||
| 996 |
_a82061 _b34301001649385 _cDVD _dDVD _ewcl _fo _g50 _h15.95 _lGift _mEsc _p01/31/2011 _q11/05/2019 _r03/16/2020 |
||
| 999 |
_c274413 _d274413 |
||